Compiler design / (Record no. 61819)

MARC details
000 -LEADER
fixed length control field 00486nam a22001577a 4500
005 - DATE AND TIME OF LATEST TRANSACTION
control field 20180730161350.0
008 - FIXED-LENGTH DATA ELEMENTS--GENERAL INFORMATION
fixed length control field 120202t xxu||||| |||| 00| 0 eng d
020 ## - INTERNATIONAL STANDARD BOOK NUMBER
International Standard Book Number 812032725X
Terms of availability 175.00
035 ## - SYSTEM CONTROL NUMBER
System control number B-192628, B-192627
040 ## - CATALOGING SOURCE
Original cataloging agency DPL
Language of cataloging ENG
100 ## - MAIN ENTRY--PERSONAL NAME
Personal name Chattopadhyay, Santanu
9 (RLIN) 40598
245 ## - TITLE STATEMENT
Title Compiler design /
Statement of responsibility, etc by Santanu Chattopadhyay
260 ## - PUBLICATION, DISTRIBUTION, ETC. (IMPRINT)
Place of publication, distribution, etc New Delhi
Name of publisher, distributor, etc Prentice-Hall of India
Date of publication, distribution, etc 2006
300 ## - PHYSICAL DESCRIPTION
Extent xvii, 225p.
Dimensions 24 cms.
942 ## - ADDED ENTRY ELEMENTS (KOHA)
Source of classification or shelving scheme Dewey Decimal Classification
Item type English Books
Classification part 004
Call number suffix CHA
Holdings
Withdrawn status Lost status Source of classification or shelving scheme Damaged status Not for loan Collection code Home library Current library Shelving location Date acquired Cost, normal purchase price Total Checkouts Full call number Barcode Date last seen Cost, replacement price Koha item type Source of acquisition
    Dewey Decimal Classification     Non-fiction Patel Nagar Patel Nagar   30/07/2018 175.00 1 004 CHA B-192627 08/03/2019 175.00 English Books 0.00
    Dewey Decimal Classification     Non-fiction Sarojini Nagar Sarojini Nagar General Stacks 02/02/2012 175.00   004 CHA B-192628 02/02/2012 175.00 English Books  

© Delhi Public Library
Hit Counter
free hit counter